000 00897nam a2200277 a 4500
001 000014432
005 20200929163842.0
008 091214s2000 sp a 000 f spa d
020 _a8495501724
040 _aDO-SdBNP
_bspa
_cBNPHU
041 1 7 _aspa
_hfre
_2Código de idioma MARC
082 _a843.92
_bA138q
100 1 _aAbécassis, Eliette,
_d1969-
_932561
240 1 0 _aQumran.
_lEspañol
245 1 0 _aQumrán /
_cEliette Abécassis ; traducción de Manuel Serrat Crespo.
260 _a[Madrid] :
_bSuma de Letras,
_c2000.
300 _a538, [3] p. :
_bil. ;
_c18 cm.
490 1 _aPunto de lectura
_v37
534 _pTítulo original en francés:
_tQumran
_cParís : Ramsay, 1996
650 4 _aNovela francesa
_91075
650 4 _aLiteratura francesa
_91074
700 1 _aSerrat Crespo, Manuel,
_etr.
_95324
830 0 _aPunto de lectura ;
_v37
_93047
910 _aWM
049 _aBNGR
999 _c14022
_d14022